| 000 | 00558nam a2200193Ia 4500 | ||
|---|---|---|---|
| 003 | GCL | ||
| 008 | 140319s9999 xx 000 0 ara d | ||
| 040 |
_aGCL / _cGCL |
||
| 082 | 0 | 4 |
_a956.604 _bم ل |
| 100 | 1 | _aمحسن ايمن | |
| 245 | 1 | 0 |
_aلبنان الصورة ذاكرة قرن فى خمسين الاستقلال / _cمحسن ايمن |
| 260 |
_a[S.N] : _bجرجى زيدان ، _c1994 |
||
| 490 | _a | ||
| 650 | 0 | 4 | _aالعصر الحديث |
| 650 | 0 | 4 | _aتاريخ |
| 650 | 0 | 4 | _aالاستقلال |
| 650 | 0 | 4 | _aلبنان |
| 942 |
_2ddc _cBK |
||
| 999 |
_c54765 _d54765 |
||